LEADER 02303oam 2200601 450 001 9910706148603321 005 20171010104734.0 035 $a(CKB)5470000002454942 035 $a(OCoLC)858260591 035 $a(EXLCZ)995470000002454942 100 $a20130912j199912 ua 0 101 0 $aeng 135 $aurbn||||a|a|| 181 $ctxt$2rdacontent 182 $cc$2rdamedia 183 $acr$2rdacarrier 200 10$aModem characterization through a wideband, hard-limited Ka-Band satellite channel /$fRichard C. Reinhart [and five others] 210 1$aCleveland, Ohio :$cNational Aeronautics and Space Administration, Glenn Research Center,$dDecember 1999. 215 $a1 online resource (9 pages) $cillustrations 225 1 $aNASA/TM ;$v1999-209454 300 $a"December 1999." 300 $a"Prepared for the Fifth Ka-Band Utilization Conference sponsored by the Istituto Internazionale delle Comunicazion, Taormina, Sicily Island, Italy, October 18-20, 1999." 300 $aPerforming organization: National Aeronautics and Space Administration, John H. Glenn Research Center at Lewis Field"--Report documentation page. 320 $aIncludes bibliographical references (page 9). 606 $aACTS$2nasat 606 $aExtremely high frequencies$2nasat 606 $aSatellite communication$2nasat 606 $aModems$2nasat 606 $aTime division multiple access$2nasat 606 $aFrequency division multiple access$2nasat 606 $aWideband communication$2nasat 615 7$aACTS. 615 7$aExtremely high frequencies. 615 7$aSatellite communication. 615 7$aModems. 615 7$aTime division multiple access. 615 7$aFrequency division multiple access. 615 7$aWideband communication. 700 $aReinhart$b Richard C.$01403961 712 02$aNASA Glenn Research Center, 712 12$aKa Band Utilization Conference$d(5th :$f1999 :$eTaormina, Italy) 801 0$bOCLCE 801 1$bOCLCE 801 2$bOCLCO 801 2$bOCLCF 801 2$bOCLCQ 801 2$bOCLCO 801 2$bOCLCQ 801 2$bGPO 906 $aBOOK 912 $a9910706148603321 996 $aModem characterization through a wideband, hard-limited Ka-Band satellite channel$93493889 997 $aUNINA LEADER 01782nam 2200553 450 001 9910797959203321 005 20230808213106.0 010 $a1-78241-445-2 035 $a(CKB)3710000000552076 035 $a(EBL)4307830 035 $a(SSID)ssj0001683028 035 $a(PQKBManifestationID)16508228 035 $a(PQKBTitleCode)TC0001683028 035 $a(PQKBWorkID)15037262 035 $a(PQKB)10821247 035 $a(MiAaPQ)EBC4307830 035 $a(Au-PeEL)EBL4307830 035 $a(CaPaEBR)ebr11138105 035 $a(CaONFJC)MIL884324 035 $a(OCoLC)935256370 035 $a(EXLCZ)993710000000552076 100 $a20160126h20162016 uy 0 101 0 $aeng 135 $aur|n|---||||| 181 $ctxt 182 $cc 183 $acr 200 10$aClinical dicta and contradicta $ethe therapy process from inside out and outside in /$fJohn C. Espy 210 1$aLondon, [England] :$cKarnac,$d2016. 210 4$dİ2016 215 $a1 online resource (123 p.) 225 1 $aThe Karnac Library 300 $aDescription based upon print version of record. 311 $a1-78220-371-0 327 $aCOVER; ACKNOWLEDGEMENTS; INTRODUCTION; PART ONE CLINICAL DICTA AND CONTRA DICTA; PART TWO VIGNETTES; PART THREE PROJECTIVE IDENTIFICATION AND SERIAL MURDER: THE MISSING LINK; POSTSCRIPT; ABOUT THE AUTHOR 410 4$aThe Karnac Library 606 $aPsychotherapy 606 $aProjective identification 615 0$aPsychotherapy. 615 0$aProjective identification. 676 $a616.8914 700 $aEspy$b John C.$0865852 801 0$bMiAaPQ 801 1$bMiAaPQ 801 2$bMiAaPQ 906 $aBOOK 912 $a9910797959203321 996 $aClinical dicta and contradicta$93777270 997 $aUNINA